Discurso pronunciado en la Universidad Central por Jose María Barnuevo, en el acto solemne de recibir la investidura de doctor en derecho civil canónico. (Record no. 151676)

MARC details
000 -LEADER
campo de control de longitud fija 00955nam a2200193 i 4500
001 - NÚMERO DE CONTROL
campo de control 151676
003 - IDENTIFICADOR DE NÚMERO DE CONTROL
campo de control ES-MaACL
005 - FECHA Y HORA DE LA ÚLTIMA TRANSACCIÓN
campo de control 20250808225843.0
008 - DATOS DE LONGITUD FIJA--INFORMACIÓN GENERAL
campo de control de longitud fija 040929s1863 sp |||| | spa d
100 1# - ENTRADA PRINCIPAL--NOMBRE DE PERSONA
Nombre de persona Barnuevo, José María.
9 (RLIN) 125822
245 10 - MENCIÓN DEL TÍTULO
Título Discurso pronunciado en la Universidad Central por Jose María Barnuevo, en el acto solemne de recibir la investidura de doctor en derecho civil canónico.
260 ## - PUBLICACIÓN, DISTRIBUCIÓN, ETC.
Lugar de publicación, distribución, etc. Madrid :
Nombre del editor, distribuidor, etc. [s.n.],
Fecha de publicación, distribución, etc. 1863 (
Fabricante Imp. de El siglo XIX, a cargo de C. Juárez)
300 ## - DESCRIPCIÓN FÍSICA
Extensión 40 p. ;
Dimensiones 21 cm.
594 ## - Nota al título y mención de responsabilidad
Nota al título y mención de responsabilidad Tema del discurso: Examen de los sistemas penitenciarios y su utilidad respectiva.
650 #7 - PUNTO DE ACCESO ADICIONAL DE MATERIA--TÉRMINO DE MATERIA
Término de materia o nombre geográfico como elemento de entrada Establecimientos penitenciarios
Fuente del encabezamiento o término embne
9 (RLIN) 12513
710 2# - ENTRADA AGREGADA--NOMBRE DE ENTIDAD CORPORATIVA
Nombre de entidad corporativa o nombre de jurisdicción como elemento de entrada Universidad Central (Madrid)
9 (RLIN) 7084
852 ## - LOCALIZACIÓN
Ubicación ES-MaACL
Número de control de estantería D-260(9)
Nota libre - Enc. en un vol. facticio, formando parte de la col. facticia "Estudios penitenciarios", n. 6
-- .- Donativo Lastres
-- . - Dedicatoria autógrafa del autor
Holdings
Estatus retirado Estado de pérdida Estado de daño No para préstamo Colección Biblioteca de origen Biblioteca actual Ubicación en estantería Fecha de adquisición Total de préstamos Signatura topográfica completa Código de barras Visto por última vez Precio de reemplazo Tipo de ítem Koha
        Libros del s. XIX Biblioteca del Ateneo de Madrid Biblioteca del Ateneo de Madrid Sala Valle Inclán 17/01/2008   D-260(9) 901158299 23/02/2023 23/02/2023 Libro impreso antiguo